[Event "39th TCh-GRE"]
[Site "Eretria GRE"]
[Date "2011.07.04"]
[Round "3.11"]
[White "Ris, Robert"]
[Black "Mastrovasilis, Athanasios"]
[Result "1/2-1/2"]
[WhiteTitle "IM"]
[BlackTitle "GM"]
[WhiteElo "2395"]
[BlackElo "2537"]
[WhiteTeam "O.A.A. Heraklion"]
[BlackTeam "Culture Club Florinas"]
[WhiteFideId "1011480"]
[BlackFideId "4201990"]
[EventDate "2011.07.03"]

1. d4 Nf6 2. c4 b6 3. Nc3 Bb7 4. Qc2 d5 5. cxd5 Nxd5 6. Nf3 e6 7. e4 Nxc3 8.
bxc3 Be7 9. Bb5+ c6 10. Bd3 Ba6 11. O-O Bxd3 12. Qxd3 Nd7 13. Bf4 O-O 14. Rfd1
Qc8 15. a4 Rd8 16. a5 Nf8 17. c4 Ng6 18. Bg3 Qd7 19. Qb3 b5 20. a6 Bd6 21. cxb5
Bxg3 22. hxg3 cxb5 23. d5 e5 24. Rac1 Rac8 25. Qb2 f6 26. Ne1 h5 27. Qe2 Nf8 28.
Qxh5 Qd6 29. Qg4 Rc4 30. Nf3 Qxa6 31. Rxc4 bxc4 32. Nh4 c3 33. Nf5 Rd7 34. Qf3
Qa3 35. Qd3 Qb2 36. Ne3 Rc7 37. Rb1 c2 38. Rxb2 c1=Q+ 39. Nd1 Rc4 40. Rb1 Qc2
41. Qxc2 Rxc2 42. Ne3 Rc7 43. Rb8 Kf7 44. Nf5 Rd7 45. Rc8 g6 46. Ne3 Ke7 47. Kf1
Rd8 48. Rc5 Rd6 49. Ra5 Rd7 50. Rc5 Rd6 51. g4 Ra6 52. Rc7+ Nd7 53. Ke2 Kd8 54.
Rc2 Ra4 55. f3 Ke7 56. Rc6 Ra2+ 57. Kd3 Ra3+ 58. Kd2 Ra2+ 59. Nc2 Rb2 60. Ra6
Rb7 61. g5 Nb6 62. gxf6+ Kxf6 63. Ne3 Kg5 64. Ke2 Nd7 65. Ra2 1/2-1/2

[Event "39th TCh-GRE"]
[Site "Eretria GRE"]
[Date "2011.07.04"]
[Round "3.11"]
[White "Markidis, Konstantinos"]
[Black "Lirindzakis, Timotheos"]
[Result "1/2-1/2"]
[BlackTitle "IM"]
[WhiteElo "2330"]
[BlackElo "2338"]
[WhiteTeam "Culture Club Florinas"]
[BlackTeam "O.A.A. Heraklion"]
[WhiteFideId "4203500"]
[BlackFideId "4200381"]
[EventDate "2011.07.03"]

1. e4 c6 2. d4 d5 3. e5 Bf5 4. Nd2 e6 5. Nb3 Nd7 6. Nf3 Ne7 7. Be2 Bg6 8. O-O
Nf5 9. a4 a6 10. a5 Be7 11. Bd2 O-O 12. c4 dxc4 13. Bxc4 Re8 14. h3 Bf8 15. Re1
Rc8 16. Rc1 h6 17. Qe2 Rc7 18. Red1 Qb8 19. Qe1 Rcc8 20. Bc3 Ne7 21. Bb4 Nf5 22.
Bxf8 Rxf8 23. Qb4 Rfe8 24. Bd3 Ne7 25. Bxg6 Nxg6 26. g3 Ne7 27. Qe1 Nd5 28. Nfd2
Rcd8 29. Ne4 Rf8 30. Rd3 Qc7 1/2-1/2

[Event "39th TCh-GRE"]
[Site "Eretria GRE"]
[Date "2011.07.04"]
[Round "3.11"]
[White "Sperdokli, Elli"]
[Black "Genova, Lyubka"]
[Result "0-1"]
[WhiteTitle "WFM"]
[BlackTitle "WIM"]
[WhiteElo "2127"]
[BlackElo "2270"]
[WhiteTeam "O.A.A. Heraklion"]
[BlackTeam "Culture Club Florinas"]
[WhiteFideId "4205456"]
[BlackFideId "2905612"]
[EventDate "2011.07.03"]

1. e4 c5 2. Nf3 e6 3. b3 a6 4. Bb2 Nc6 5. c4 Qc7 6. Nc3 Nf6 7. Bd3 Rb8 8. O-O d6
9. Re1 Ne5 10. Bf1 Be7 11. Rc1 O-O 12. Nb1 Nxf3+ 13. Qxf3 e5 14. Nc3 Qd8 15. h3
Ne8 16. g4 Bg5 17. Rcd1 g6 18. Qg2 Ng7 19. Nd5 Bd7 20. b4 b6 21. Bc3 Ne6 22. a3
Bc6 23. Rb1 Bxd5 24. cxd5 Nf4 25. Qh2 Bh4 26. Re3 f5 27. f3 Qg5 28. Kh1 h5 29.
Be2 hxg4 30. hxg4 fxg4 31. fxg4 Kg7 32. Rf1 Rh8 33. Kg1 Rbf8 34. Bd1 Be1 35.
Qxh8+ Rxh8 36. Rfxe1 Qh4 37. Bf3 Qg3+ 38. Kf1 Rh2 0-1

[Event "39th TCh-GRE"]
[Site "Eretria GRE"]
[Date "2011.07.04"]
[Round "3.11"]
[White "Vasiliadis, Anastasios"]
[Black "Kolomvakis, Stelios"]
[Result "0-1"]
[WhiteElo "1891"]
[BlackElo "1752"]
[WhiteTeam "Culture Club Florinas"]
[BlackTeam "O.A.A. Heraklion"]
[WhiteFideId "4251083"]
[BlackFideId "4217500"]
[EventDate "2011.07.03"]

1. d4 d5 2. c4 e6 3. Nc3 Nf6 4. Bg5 Be7 5. e3 c6 6. Nf3 O-O 7. Bd3 Nbd7 8. O-O
dxc4 9. Bxc4 b5 10. Bd3 a6 11. Rc1 Bb7 12. Qe2 h6 13. Bh4 c5 14. dxc5 Nxc5 15.
Bc2 Nd5 16. Bxe7 Nxc3 17. bxc3 Qxe7 18. Bb1 Rfd8 19. Nd4 Rac8 20. Rfd1 Bd5 21.
e4 Bc4 22. Qg4 e5 23. Nf5 Qf6 24. Qg3 Kh7 25. Ne3 Be6 26. Nd5 Qg5 27. Qxg5 hxg5
28. c4 Na4 29. cxb5 axb5 30. h3 Kh6 31. Rxc8 Rxc8 32. Bd3 Nb2 33. Rd2 Nxd3 34.
Rxd3 Rc1+ 35. Kh2 Rc2 36. Rb3 Rxf2 37. Rxb5 Rxa2 38. Ne7 g4 39. hxg4 f6 40. Nf5+
Kg5 41. Nxg7 Bxg4 42. Rb3 Re2 43. Nf5 Rxe4 44. Ng3 Rd4 45. Re3 Kf4 46. Re1 e4
47. Rf1+ Ke5 48. Ra1 f5 49. Nf1 Kf4 50. Re1 Rd3 51. Kg1 e3 52. Nh2 Rd1 53. Kf1
e2+ 54. Kf2 Rxe1 55. Kxe1 Kg3 56. Nxg4 fxg4 57. Kxe2 Kxg2 0-1

[Event "39th TCh-GRE"]
[Site "Eretria GRE"]
[Date "2011.07.04"]
[Round "3.12"]
[White "Jianu, Vlad-Cristian"]
[Black "Khetsuriani, Besarion"]
[Result "1-0"]
[WhiteTitle "GM"]
[BlackTitle "IM"]
[WhiteElo "2518"]
[BlackElo "2325"]
[WhiteTeam "Polichni CC"]
[BlackTeam "S.A.S. Koropiou"]
[WhiteFideId "1208110"]
[BlackFideId "13600559"]
[EventDate "2011.07.03"]

1. c4 Nf6 2. Nf3 c5 3. g3 b6 4. Bg2 Bb7 5. O-O e6 6. Nc3 Be7 7. Re1 Nc6 8. e4 d6
9. e5 Nxe5 10. Nxe5 Bxg2 11. Nxf7 Kxf7 12. Kxg2 Qd7 13. d4 Rhe8 14. b3 cxd4 15.
Qxd4 Qc6+ 16. f3 d5 17. cxd5 exd5 18. Bb2 Bc5 19. Qd3 Re6 20. Re2 Rae8 21. Rae1
h6 22. Rxe6 Rxe6 23. Rxe6 Qxe6 24. Nb5 Qe3 25. Qxe3 Bxe3 26. Nxa7 d4 27. Nc6 1-0

[Event "39th TCh-GRE"]
[Site "Eretria GRE"]
[Date "2011.07.04"]
[Round "3.12"]
[White "Delithanasis, Dimitrios"]
[Black "Kirgeridis, Panagiotis"]
[Result "1/2-1/2"]
[WhiteElo "2110"]
[BlackElo "2019"]
[WhiteTeam "S.A.S. Koropiou"]
[BlackTeam "Polichni CC"]
[WhiteFideId "4200799"]
[BlackFideId "4210212"]
[EventDate "2011.07.03"]

1. Nf3 e6 2. c4 Nf6 3. g3 b6 4. Bg2 Bb7 5. O-O Be7 6. b3 O-O 7. Bb2 d6 8. Qc2
Nbd7 9. Nc3 c5 10. Rad1 a6 11. d4 cxd4 12. Rxd4 Qc7 13. Rfd1 Rfd8 14. Qb1 Rac8
15. e4 h6 16. R4d2 Ne8 17. Nd4 Bf6 18. Nde2 Qb8 19. Na4 b5 20. Bxf6 Ndxf6 21.
Nb2 Qa8 22. f3 bxc4 23. Nxc4 Qa7+ 24. Kh1 d5 25. exd5 Nxd5 26. Qb2 Kf8 27. Nc3
Qc5 28. Na4 Qc7 29. Qe5 Qxe5 30. Nxe5 Ke7 31. h4 Nd6 32. Kh2 Nf5 33. Nc4 g6 34.
f4 Bc6 35. Nab2 Ba8 36. Rd3 h5 37. Na4 Bc6 38. Nab2 Nh6 39. Kg1 Ng4 40. Bf3 Nh6
41. Ne5 Ba8 42. Nbc4 Nf5 43. Kf2 Ng7 44. Be2 f6 45. Nxg6+ Kf7 46. f5 Nxf5 47.
Nf4 Rg8 48. Bxh5+ Ke7 49. Bg6 Nh6 50. h5 Ng4+ 51. Ke1 Ne5 52. Nxe5 fxe5 53. Ne2
Bc6 54. Nc3 Rcf8 55. a3 Rh8 56. R1d2 Nf6 57. Rd6 Rc8 58. R2d3 e4 59. R3d4 Nxh5
60. Bxe4 1/2-1/2

[Event "39th TCh-GRE"]
[Site "Eretria GRE"]
[Date "2011.07.04"]
[Round "3.12"]
[White "Petraki, Maria"]
[Black "Barbageorgopoulou, Despina"]
[Result "1-0"]
[WhiteTitle "WFM"]
[WhiteElo "2024"]
[BlackElo "1752"]
[WhiteTeam "S.A.S. Koropiou"]
[BlackTeam "Polichni CC"]
[WhiteFideId "4200985"]
[BlackFideId "4216180"]
[EventDate "2011.07.03"]

1. e4 e5 2. Bc4 Nf6 3. d3 Be7 4. Nf3 d6 5. O-O Bg4 6. Nbd2 O-O 7. c3 c6 8. Bb3
d5 9. h3 Bh5 10. Re1 Nbd7 11. Qe2 Bd6 12. Nf1 dxe4 13. dxe4 Nc5 14. Bc2 Qb6 15.
Ng3 Bxf3 16. Qxf3 Ne6 17. Nf5 Bc7 18. Nxg7 Nxg7 19. Qxf6 c5 20. Qh4 Qg6 21. Qg5
Ne6 22. Qxg6+ hxg6 23. g3 Kg7 24. Bb3 Rae8 25. Be3 Bb6 26. a4 a6 27. Bd5 Re7 28.
a5 Ba7 29. Ra3 Nc7 30. c4 Nxd5 31. cxd5 Rd7 32. Rc3 f5 33. f3 fxe4 34. fxe4 Rdf7
35. Kg2 Rf6 36. b4 b6 37. bxc5 bxc5 38. Rb1 R8f7 39. Rb2 Rf3 40. Bh6+ Kxh6 41.
Rxf3 Rd7 42. Rf6 1-0

[Event "39th TCh-GRE"]
[Site "Eretria GRE"]
[Date "2011.07.04"]
[Round "3.12"]
[White "Barbageorgopoulou, Fani"]
[Black "Androni, Konstantina"]
[Result "1/2-1/2"]
[WhiteElo "1851"]
[BlackElo "1967"]
[WhiteTeam "Polichni CC"]
[BlackTeam "S.A.S. Koropiou"]
[WhiteFideId "4220838"]
[BlackFideId "4215362"]
[EventDate "2011.07.03"]

1. d4 d5 2. c4 e6 3. Nf3 Nf6 4. Bg5 c6 5. e3 Nbd7 6. Nc3 h6 7. Bh4 Be7 8. Bd3
dxc4 9. Bxc4 b5 10. Be2 a6 11. O-O O-O 12. Rc1 c5 13. dxc5 Nxc5 14. Nd4 Bb7 15.
Bf3 Qb6 16. Qe2 Rfc8 17. Rfd1 b4 18. Nb1 Bxf3 19. Qxf3 b3 20. a3 Na4 21. Rc6 Qa5
22. Rdc1 Re8 23. Bg3 Nxb2 24. Bc7 Qd5 25. Qxd5 Nxd5 26. Nxb3 Nxc7 27. Rxc7 Na4
28. R7c6 Reb8 29. N1d2 Rd8 30. g3 Bxa3 31. Ra1 Bb4 32. Rxa4 Bxd2 33. Nxd2 Rxd2
34. Rcxa6 Rxa6 35. Rxa6 g6 36. Kg2 Kg7 37. Ra7 Rc2 38. Rb7 1/2-1/2

[Event "39th TCh-GRE"]
[Site "Eretria GRE"]
[Date "2011.07.04"]
[Round "3.12"]
[White "Androni, Dimitra"]
[Black "Avramidou, Anastasia"]
[Result "0-1"]
[WhiteElo "1528"]
[BlackElo "1668"]
[WhiteTeam "S.A.S. Koropiou"]
[BlackTeam "Polichni CC"]
[WhiteFideId "4220625"]
[BlackFideId "4239873"]
[EventDate "2011.07.03"]

1. e4 c5 2. Nc3 Nc6 3. f4 e6 4. Nf3 d5 5. e5 Nge7 6. Bb5 a6 7. Bxc6+ Nxc6 8. d3
Be7 9. O-O O-O 10. Qe1 Qc7 11. Qg3 Nd4 12. Rf2 Nxf3+ 13. Rxf3 f6 14. f5 fxe5 15.
Bh6 Bf6 16. fxe6 Bxe6 17. Raf1 Kh8 18. Bg5 Qe7 19. Bxf6 gxf6 20. Qh4 Rf7 21. Ne2
f5 22. Qxe7 Rxe7 23. Ng3 f4 24. Nh5 Bg4 25. Nf6 Bxf3 26. Rxf3 Rd8 27. c3 Rd6 28.
Ng4 Rg6 29. h3 h5 30. Nf2 Reg7 31. g4 fxg3 32. Nh1 g2 33. Nf2 Rg3 34. Rf5 R3g5
35. Rf3 Kg8 36. h4 Rg3 37. Rf5 Re3 38. Rg5 Rxg5 39. hxg5 Rg3 40. Nd1 h4 41. Nf2
Kg7 42. b3 h3 0-1

[Event "39th TCh-GRE"]
[Site "Eretria GRE"]
[Date "2011.07.04"]
[Round "3.12"]
[White "Gouloutis, Nikolaos"]
[Black "Adamos, Thomas"]
[Result "1-0"]
[WhiteElo "1758"]
[BlackElo "1763"]
[WhiteTeam "Polichni CC"]
[BlackTeam "S.A.S. Koropiou"]
[WhiteFideId "4224256"]
[BlackFideId "4220552"]
[EventDate "2011.07.03"]

1. d4 Nf6 2. c4 g6 3. Nc3 Bg7 4. e4 d6 5. f3 O-O 6. Be3 e5 7. d5 Nbd7 8. Qd2 Re8
9. O-O-O Nc5 10. h4 a6 11. g4 b5 12. h5 b4 13. Nce2 Bxg4 14. fxg4 Nxg4 15. hxg6
fxg6 16. Ng3 Nxe3 17. Qxe3 Qd7 18. Kb1 Rf8 19. Be2 Rab8 20. Nh3 Qa4 21. Ng5 Qa5
22. Nxh7 Na4 23. Nxf8 Nc3+ 24. Kc2 Nxd1 25. Bxd1 Rxf8 26. Bg4 Rf4 27. Be6+ Kf8
28. Ne2 Rf6 29. Kb1 Qa4 30. Qa7 Qa5 31. Qb8+ Ke7 32. Qc8 c5 33. Qd7+ Kf8 34.
Qxd6+ Ke8 35. Qd7+ Kf8 36. Qc8+ Ke7 37. d6+ Kxd6 38. Qd7# 1-0

[Event "39th TCh-GRE"]
[Site "Eretria GRE"]
[Date "2011.07.04"]
[Round "3.13"]
[White "Doumas, Georgios"]
[Black "Koukoufikis, Alexandros"]
[Result "0-1"]
[WhiteElo "2014"]
[BlackElo "2258"]
[WhiteTeam "Chess Union Kalamata"]
[BlackTeam "CC Ikaria J. Tzelepis"]
[WhiteFideId "4207521"]
[BlackFideId "4205499"]
[EventDate "2011.07.03"]

1. e4 g6 2. d4 Bg7 3. f4 d6 4. Nc3 c6 5. Be3 Qb6 6. Bc4 Qxb2 7. Nge2 Qb6 8. O-O
Qc7 9. a4 e6 10. Qd2 d5 11. Bd3 Nf6 12. f5 dxe4 13. Nxe4 Nxe4 14. Bxe4 exf5 15.
Bd3 O-O 16. Rab1 Nd7 17. Bf4 Qd8 18. Bh6 Nf6 19. Bxg7 Kxg7 20. c4 Re8 21. Nc3
Qxd4+ 22. Kh1 Re3 23. Rbd1 Be6 24. Ne2 Qxd3 25. Qxd3 Rxd3 26. Rxd3 Bxc4 27. Rd2
Re8 28. Re1 Ne4 29. Rb2 Nc3 30. Rxb7 Nxe2 31. Rd1 a5 32. h3 Bd5 33. Kh2 Nc3 34.
Rd2 Re4 35. Rc2 Nxa4 36. Ra7 Rb4 37. Rxa5 Rb2 38. Rxb2 Nxb2 0-1

[Event "39th TCh-GRE"]
[Site "Eretria GRE"]
[Date "2011.07.04"]
[Round "3.13"]
[White "Sarandos, Vasilios"]
[Black "Reitzopoulos, Konstantinos"]
[Result "1-0"]
[WhiteElo "2236"]
[BlackElo "1908"]
[WhiteTeam "CC Ikaria J. Tzelepis"]
[BlackTeam "Chess Union Kalamata"]
[WhiteFideId "4203542"]
[BlackFideId "4252055"]
[EventDate "2011.07.03"]

1. d4 d5 2. Nf3 Nf6 3. c4 c6 4. e3 e6 5. b3 Nbd7 6. Bd3 b6 7. Bb2 Bb7 8. O-O Bd6
9. Nbd2 O-O 10. Ne5 c5 11. f4 cxd4 12. exd4 Ne4 13. Qe2 Nxd2 14. Qxd2 Nf6 15.
Qe3 Qe7 16. Qh3 Ba3 17. Bxa3 Qxa3 18. Nd7 Ne4 19. Bxe4 dxe4 20. Nxf8 Rxf8 21. f5
exf5 22. Qxf5 e3 23. Qc2 Re8 24. Rae1 Qe7 25. d5 Bc8 26. Qe2 Qg5 27. Qf3 f5 28.
d6 Re4 29. Re2 Bb7 30. Qxf5 Qxf5 31. Rxf5 g6 32. Rf3 Rd4 33. Rfxe3 1-0

[Event "39th TCh-GRE"]
[Site "Eretria GRE"]
[Date "2011.07.04"]
[Round "3.13"]
[White "Mavromihalis, Konstantinos"]
[Black "Doulidis, Pavlos-Georgios"]
[Result "1/2-1/2"]
[WhiteElo "1816"]
[BlackElo "1612"]
[WhiteTeam "Chess Union Kalamata"]
[BlackTeam "CC Ikaria J. Tzelepis"]
[WhiteFideId "4239342"]
[BlackFideId "4233581"]
[EventDate "2011.07.03"]

1. d4 e6 2. c4 d5 3. cxd5 exd5 4. Nc3 Nf6 5. Bg5 Be7 6. Nf3 c6 7. e3 Bf5 8. Bd3
Bxd3 9. Qxd3 Nbd7 10. O-O O-O 11. Rfe1 Ne4 12. Bf4 Ndf6 13. Ng5 Nxg5 14. Bxg5 h6
15. Bf4 Bd6 16. Bxd6 Qxd6 17. e4 dxe4 18. Nxe4 Nxe4 19. Qxe4 Qd7 20. Qe7 Rad8
21. Re2 Qxd4 22. Qxb7 Rb8 23. Qxc6 Rxb2 24. Rxb2 Qxb2 25. Qc1 Rb8 26. Qd1 Rc8
27. a4 Rc2 28. Qd8+ Kh7 29. Rf1 Rc1 30. Qd3+ Kg8 1/2-1/2

[Event "39th TCh-GRE"]
[Site "Eretria GRE"]
[Date "2011.07.04"]
[Round "3.14"]
[White "Aggelis, Nikolaos"]
[Black "Istratescu, Andrei"]
[Result "0-1"]
[WhiteTitle "FM"]
[BlackTitle "GM"]
[WhiteElo "2294"]
[BlackElo "2645"]
[WhiteTeam "Kallithea CC"]
[BlackTeam "N.O. Kalamatas Poseidon"]
[WhiteFideId "4213220"]
[BlackFideId "1200372"]
[EventDate "2011.07.03"]

1. Nf3 c5 2. g3 Nc6 3. d4 cxd4 4. Nxd4 g6 5. Bg2 Bg7 6. Nxc6 bxc6 7. O-O Rb8 8.
Nc3 Qc7 9. Na4 Nf6 10. b3 h5 11. Bb2 h4 12. c4 hxg3 13. hxg3 d6 14. Qd2 Qd7 15.
Rad1 Qf5 16. Qf4 Qh5 17. Qh4 Qxe2 18. Rfe1 Qxe1+ 19. Rxe1 Rxh4 20. Bxc6+ Bd7 21.
Bxd7+ Nxd7 22. gxh4 Bxb2 23. Nxb2 Nc5 24. Re3 Kd7 25. Nd3 Ne6 26. Rf3 Rf8 27.
Nf4 Nxf4 28. Rxf4 e5 29. Rg4 a5 30. Kg2 Ke6 31. Kh3 Rb8 32. Rg3 e4 33. Re3 Ke5
34. Kg3 f5 35. f4+ Ke6 36. Kf2 d5 37. Rg3 Kf6 38. cxd5 Rd8 39. Ke2 Rxd5 40. h5
gxh5 41. Rg5 Rd3 42. Rxh5 Rf3 43. Rh6+ Ke7 44. Rh7+ Ke6 45. Rh6+ Kd5 46. Ra6
Rxf4 47. Rxa5+ Kd4 48. Ra4+ Ke5 49. Ra5+ Kf6 50. b4 Rh4 51. Ra3 Rh2+ 52. Kf1 Rb2 0-1

[Event "39th TCh-GRE"]
[Site "Eretria GRE"]
[Date "2011.07.04"]
[Round "3.14"]
[White "Edouard, Romain"]
[Black "Gesos, Pavlos"]
[Result "1-0"]
[WhiteTitle "GM"]
[BlackTitle "IM"]
[WhiteElo "2587"]
[BlackElo "2331"]
[WhiteTeam "N.O. Kalamatas Poseidon"]
[BlackTeam "Kallithea CC"]
[WhiteFideId "633429"]
[BlackFideId "4200055"]
[EventDate "2011.07.03"]

1. e4 Nf6 2. e5 Nd5 3. d4 d6 4. c4 Nb6 5. exd6 cxd6 6. Nc3 Nc6 7. Be3 g6 8. d5
Ne5 9. Be2 Bg7 10. Rc1 O-O 11. b3 f5 12. f4 Ng4 13. Bxg4 fxg4 14. Nge2 Nd7 15.
O-O Nf6 16. Nd4 Bf5 17. Nxf5 gxf5 18. Qd3 Qd7 19. Nb5 a6 20. Nd4 Ne4 21. Ne6 Rf7
22. Bb6 Rc8 23. Rce1 Nc5 24. Bxc5 dxc5 25. Nxg7 Kxg7 26. Re6 Rf6 27. Rfe1 Rxe6
28. Rxe6 Rc6 29. Qxf5 Rxe6 30. Qxg4+ Kf6 31. Qg5+ Kf7 32. Qf5+ 1-0

[Event "39th TCh-GRE"]
[Site "Eretria GRE"]
[Date "2011.07.04"]
[Round "3.14"]
[White "Kourkoulos-Arditis, Stamatis"]
[Black "Tsekouras, Theodoros"]
[Result "1-0"]
[WhiteElo "2123"]
[BlackElo "2223"]
[WhiteTeam "Kallithea CC"]
[BlackTeam "N.O. Kalamatas Poseidon"]
[WhiteFideId "4221990"]
[BlackFideId "4203402"]
[EventDate "2011.07.03"]

1. e4 c5 2. Nf3 d6 3. d4 cxd4 4. Nxd4 Nf6 5. Nc3 a6 6. Be3 e5 7. Nb3 Be6 8. f3
Be7 9. Qd2 O-O 10. O-O-O Qc7 11. Kb1 Rc8 12. g4 b5 13. g5 Nh5 14. Nd5 Bxd5 15.
exd5 Nd7 16. Na5 Nb6 17. Bh3 Re8 18. Bxb6 Qxb6 19. Nc6 Qb7 20. Bf5 Bd8 21. Qb4
Qc7 22. Qg4 g6 23. Bd7 Rf8 24. Rd3 Nf4 25. Rc3 Qb6 26. Nxd8 Rfxd8 27. Bc6 Ra7
28. h4 Qd4 29. h5 gxh5 30. Qf5 b4 31. Rb3 a5 32. Qf6 Qb6 33. a4 Qc7 34. Re3 Qe7
35. Qf5 Qf8 36. Ree1 Qg7 37. Qe4 Qg6 38. Qe3 Rc7 39. Rh2 Rcc8 40. b3 Kh8 41. Rg1
Rg8 42. Rgh1 Qxg5 43. Bd7 Rcd8 44. Bg4 Nxd5 45. Qe1 Nf6 46. Bxh5 Rg7 47. Qf2
Rdg8 48. Bg4 e4 49. Ka2 e3 50. Qe2 Re8 51. Qd3 Kg8 52. Bf5 h5 53. Bd7 Re7 54.
Bc6 Qe5 55. Qa6 e2 56. Qc8+ Ne8 57. Bxe8 Qxh2 58. Rxh2 e1=Q 59. Bb5+ Re8 60.
Qxe8+ Qxe8 61. Bxe8 Rg5 62. Bb5 Kg7 63. Rd2 h4 64. Rh2 Rh5 65. Kb2 Kf6 66. Rh3
Ke5 67. Be8 Rh7 68. c3 bxc3+ 69. Kxc3 f5 70. b4 axb4+ 71. Kxb4 Rh8 72. Bc6 Kd4
73. f4 d5 74. a5 Rb8+ 75. Bb5 Rh8 76. a6 Rh7 77. Bc6 1-0

[Event "39th TCh-GRE"]
[Site "Eretria GRE"]
[Date "2011.07.04"]
[Round "3.14"]
[White "Makropoulou, Marina"]
[Black "Stefanidi, Maria-Anna"]
[Result "0-1"]
[WhiteTitle "WGM"]
[BlackTitle "WFM"]
[WhiteElo "2282"]
[BlackElo "2055"]
[WhiteTeam "N.O. Kalamatas Poseidon"]
[BlackTeam "Kallithea CC"]
[WhiteFideId "4200187"]
[BlackFideId "4207750"]
[EventDate "2011.07.03"]

1. e4 c5 2. Nf3 d6 3. c3 Nf6 4. Be2 g6 5. O-O Bg7 6. Bb5+ Bd7 7. Bxd7+ Nbxd7 8.
Re1 O-O 9. d4 Qc7 10. h3 Rfd8 11. Bg5 Rac8 12. d5 b5 13. Nbd2 Rb8 14. Rc1 a5 15.
a4 b4 16. cxb4 Rxb4 17. Nc4 Nb6 18. Nxa5 Ra8 19. Nc6 Rbxa4 20. b4 cxb4 21. Nxb4
Qd7 22. Nc6 h6 23. Be3 Nc4 24. Bd4 e5 25. Qb3 exd4 26. Rxc4 Ra3 27. Qd1 d3 28.
Rb4 Nh5 29. Rb3 Nf4 30. Rxa3 Rxa3 31. Qd2 g5 32. Nfd4 Qb7 33. h4 Qb6 34. hxg5
hxg5 35. g3 Ng6 36. Nf5 Qb2 37. Qxg5 d2 38. Rf1 Ra1 39. Nh6+ Bxh6 40. Qxh6 Rxf1+ 0-1

[Event "39th TCh-GRE"]
[Site "Eretria GRE"]
[Date "2011.07.04"]
[Round "3.14"]
[White "Tsouba, Maria"]
[Black "Filopoulou, Aggeliki"]
[Result "0-1"]
[WhiteElo "1512"]
[BlackElo "1492"]
[WhiteTeam "Kallithea CC"]
[BlackTeam "N.O. Kalamatas Poseidon"]
[WhiteFideId "4231643"]
[BlackFideId "4219473"]
[EventDate "2011.07.03"]

1. c4 e5 2. Nc3 Nf6 3. g3 Nc6 4. Bg2 Bc5 5. a3 a5 6. e3 d6 7. Nge2 O-O 8. O-O
Bd7 9. b3 Qc8 10. Bb2 Bh3 11. d4 Ba7 12. d5 Ne7 13. Qd2 Bxg2 14. Kxg2 Re8 15.
Nb5 Bb6 16. Nec3 e4 17. Na4 Qf5 18. Bxf6 Qxf6 19. Nxb6 cxb6 20. Nc7 Ng6 21. Nxa8
Rxa8 22. Qe2 Ne5 23. Rad1 Nf3 24. Qc2 Re8 25. b4 Qg6 26. Rh1 Qh5 27. bxa5 g5 28.
h3 Qg6 29. axb6 h5 30. Qa4 f5 31. Rb1 h4 32. gxh4 Nxh4+ 33. Kf1 Qh5 34. Ke1 Nf3+
35. Kd1 Ne5+ 36. Ke1 Nd3+ 37. Kd2 Rd8 38. Rbf1 Qf3 39. Rhg1 Qh5 40. Qa7 Rd7 41.
Qa4 Rd8 42. f3 Nc5 43. Qc2 Rf8 44. fxe4 Nxe4+ 45. Kc1 Qxh3 46. Qd3 Kg7 47. Rh1
Qg2 48. Qd4+ Kg6 49. Rhg1 Qa2 50. Qd3 Qa1+ 51. Kc2 Qa2+ 52. Kd1 Qa1+ 53. Ke2
Qb2+ 54. Kf3 g4+ 55. Kf4 Qe5# 0-1

[Event "39th TCh-GRE"]
[Site "Eretria GRE"]
[Date "2011.07.04"]
[Round "3.14"]
[White "Anagnostopoulos, Konstantinos"]
[Black "Diasakos, Spyridon"]
[Result "1-0"]
[WhiteElo "2038"]
[BlackElo "1625"]
[WhiteTeam "Kallithea CC"]
[BlackTeam "N.O. Kalamatas Poseidon"]
[WhiteFideId "4251067"]
[BlackFideId "4227530"]
[EventDate "2011.07.03"]

1. e4 d5 2. e5 c5 3. c3 Nc6 4. f4 e6 5. Nf3 c4 6. b3 cxb3 7. axb3 a5 8. Na3 b6
9. Nb5 Ba6 10. Bd3 Bc5 11. Qe2 Bxb5 12. Bxb5 Ne7 13. d4 O-O 14. dxc5 bxc5 15.
Bd3 Ng6 16. h4 Re8 17. Qc2 d4 18. h5 Nf8 19. Ng5 h6 20. Bh7+ Nxh7 21. Qxh7+ Kf8
22. Ne4 Qd5 23. c4 Qd8 24. Nd6 Nb4 25. O-O Qh4 26. f5 1-0

[Event "39th TCh-GRE"]
[Site "Eretria GRE"]
[Date "2011.07.04"]
[Round "3.15"]
[White "Zenelis, Konstantinos"]
[Black "Dochev, Dimitar"]
[Result "1/2-1/2"]
[BlackTitle "IM"]
[WhiteElo "2179"]
[BlackElo "2426"]
[WhiteTeam "Papagou"]
[BlackTeam "Aigialeias Chess Union"]
[WhiteFideId "4204107"]
[BlackFideId "2900939"]
[EventDate "2011.07.03"]

1. e4 e6 2. d4 d5 3. Nc3 Bb4 4. e5 c5 5. a3 Bxc3+ 6. bxc3 Ne7 7. Qg4 O-O 8. Bd3
f5 9. exf6 Rxf6 10. Bg5 Rf7 11. Qh5 g6 12. Qd1 Nbc6 13. Nf3 c4 14. Be2 Qf8 15.
Qc1 Nf5 16. h4 h6 17. Bf4 Bd7 18. Ne5 Nxe5 19. Bxe5 Kh7 20. h5 g5 21. O-O Ne7
22. Qe3 Nc6 23. Bg3 Re8 24. Bg4 e5 25. Bxd7 Rxd7 26. dxe5 Qf5 27. f4 g4 28. Rad1
b6 29. Rd2 Rf8 30. Bh4 Nd8 31. Bxd8 Rfxd8 32. Rfd1 Kg7 33. e6 Rd6 34. Qe5+ Qxe5
35. fxe5 Rxe6 36. Rxd5 Rde8 37. Re1 g3 38. Re3 Kh8 39. Kf1 R8e7 40. Ke2 Kh7 41.
Kf3 Rg7 42. Rd6 Re8 43. e6 Rg5 44. e7 Kg7 45. Rg6+ Rxg6 46. hxg6 Kxg6 47. Kxg3
Kf6 48. Kh4 Kg6 49. Kg4 Kf6 50. Kh5 Kg7 51. g4 Kf6 52. Re4 Kg7 53. Re6 Kf7 54.
Rxh6 Kxe7 55. g5 Rd8 56. Rh7+ Ke6 57. Rxa7 Rh8+ 58. Kg4 Rh2 59. Kf4 Rxc2 60. g6
Rf2+ 61. Kg3 Rf1 62. g7 Rg1+ 63. Kf4 Kf6 64. Ke4 Ke6 65. Kf4 Kf6 66. Rb7 b5 67.
Ke4 Ke6 68. Rb6+ Kf7 69. Rxb5 Kxg7 70. Kd5 Kf6 71. Rb7 Ra1 72. Ra7 Rc1 73. Kxc4
Ke6 74. Rb7 Kd6 75. a4 Kc6 76. Rb3 Rh1 77. Rb8 Ra1 78. Rb4 Ra3 79. Kd4 Ra1 80.
Kd3 Ra2 81. Rh4 Kb6 82. Rb4+ Kc6 83. Kc4 Ra3 84. Kd4 Ra1 85. Kd3 Ra2 86. Ke3 Rc2
87. Kd4 Ra2 88. Kd3 Kc5 1/2-1/2

[Event "39th TCh-GRE"]
[Site "Eretria GRE"]
[Date "2011.07.04"]
[Round "3.15"]
[White "Dimopoulos, Apostolos"]
[Black "Kaloskambis, Mihail"]
[Result "0-1"]
[WhiteElo "1923"]
[BlackElo "2011"]
[WhiteTeam "Aigialeias Chess Union"]
[BlackTeam "Papagou"]
[WhiteFideId "4252845"]
[BlackFideId "4203569"]
[EventDate "2011.07.03"]

1. e4 c5 2. Nf3 Nf6 3. Nc3 d5 4. exd5 Nxd5 5. Bc4 e6 6. O-O Nc6 7. Re1 Be7 8. d4
O-O 9. Na4 cxd4 10. Nxd4 Nxd4 11. Qxd4 Bf6 12. Qe4 Qa5 13. Bd3 g6 14. Bh6 Rd8
15. Rad1 Bd7 16. b3 Bc6 17. Qg4 Nc7 18. Qf4 Ne8 19. h4 Rd4 20. Be4 Rad8 21. b4
Rxd1 22. bxa5 Rxe1+ 23. Kh2 Rxe4 0-1